000 00823nam2a2200241 4500
001 RU\NLR\bibl\1113281
005 20250615062324.0
021 _aRU
_b2007-41544
_92229
035 _a(NLR Aleph) 001100301
090 _a1173954
_c1173954
100 _a20070727d2006 |||y0rusy50 ca
101 0 _arus
102 _aRU
105 _aa |||||||||
200 0 _aКн. 2
210 _d2006
_aБ. м.
215 _a144 с.
_cил., портр.
461 0 _1001RU\NLR\bibl\1179682
_12001#$aНарод гордится ими$vКн. 2
_91569092
_aШоров, А. Л. (1942-)
_cЧеркесск
_d2006
_fА. Шоров
_nПолиграфист-2
_o[справочник]
_tНарод гордится ими
_vКн. 2
801 0 _aRU
_bNLR
_c20070727
_gRCR
801 1 _aRU
_bNLR
_c20070727
942 _cBOOK
980 _aNB